00479nam a2200121Ia 4500008004100000100001700041245010600058245003200164260000900196300003100205440003000236650009100266171207s9999 xx 000 0 und d aWyche, Susan aImagined Facebook: An exploratory study of non-users’ perceptions of social media in Rural Zambia  cSusan Wyche, Eric PS Baumer c2017 apages 1092-1108, July 2017 aNew Media & Societyv19:7 aAfrica, Facebook, mobile phones, non-users, qualitative research, social media, Zambia